000 00271pam a2200121 a 4500
020 _c
041 _aeng
100 _aWaddingten.C.H.
245 _aThe Scientific Attitude
_hTextual Documents
260 _aNew York
_bPenguin Books Ltd
300 _a128p.
930 _a15312
999 _c92212
_d92212